[Event "Prague International Open"]
[Site "Prague CZE"]
[Date "2019.03.13"]
[Round "6.7"]
[White "Stachowiak, Kamil"]
[Black "Martin Duque, Jesus"]
[Result "1/2-1/2"]
[WhiteTitle "IM"]
[BlackTitle "FM"]
[WhiteElo "2433"]
[BlackElo "2347"]
[WhiteFideId "1119966"]
[BlackFideId "2208954"]
[EventDate "2019.03.09"]

1. Nf3 d5 2. g3 Bg4 3. Bg2 Nd7 4. c4 e6 5. b3 Ngf6 6. Bb2 c6 7. O-O Be7 8. d3
O-O 9. Nbd2 Bh5 10. Re1 h6 11. h3 a5 12. a3 Re8 13. Ra2 Nh7 14. Qa1 Bf6 15. d4
a4 16. b4 b5 17. cxb5 cxb5 18. Ne5 Nhf8 19. Nd3 Nb6 20. Nc5 Rc8 21. e4 Nfd7 22.
Bc3 Bg6 23. Kh2 Qc7 24. Bf1 Qc6 25. Bg2 Qc7 26. Bf1 Qc6 27. Bg2 1/2-1/2

[Event "Prague International Open"]
[Site "Prague CZE"]
[Date "2019.03.13"]
[Round "6.8"]
[White "Lavrov, Maxim1"]
[Black "Cernousek, Lukas"]
[Result "1/2-1/2"]
[WhiteTitle "IM"]
[BlackTitle "IM"]
[WhiteElo "2387"]
[BlackElo "2429"]
[WhiteFideId "4166418"]
[BlackFideId "311707"]
[EventDate "2019.03.09"]

1. e4 c6 2. d4 d5 3. e5 Bf5 4. Nf3 e6 5. Be2 Nd7 6. O-O Ne7 7. Be3 h6 8. Nbd2 g5
9. c4 Bg7 10. cxd5 Nxd5 11. Nc4 O-O 12. Bd3 Nxe3 13. fxe3 Bxd3 14. Qxd3 g4 15.
Ne1 Qg5 16. Qe4 Nb6 17. Nxb6 axb6 1/2-1/2

[Event "Prague International Open"]
[Site "Prague CZE"]
[Date "2019.03.13"]
[Round "6.9"]
[White "Van den Doel, Erik"]
[Black "Vedrickas, Tautvydas"]
[Result "1-0"]
[WhiteTitle "GM"]
[BlackTitle "FM"]
[WhiteElo "2610"]
[BlackElo "2390"]
[WhiteFideId "1003720"]
[BlackFideId "12802654"]
[EventDate "2019.03.09"]

1. e4 g6 2. d4 Bg7 3. Nf3 d6 4. Bd3 Nd7 5. O-O a6 6. Re1 e5 7. c3 Ne7 8. Nbd2
O-O 9. Nf1 b5 10. a4 b4 11. Be3 exd4 12. cxd4 c5 13. Bf4 Qb6 14. Ne3 cxd4 15.
Nc4 Qa7 16. Bxd6 Nc5 17. a5 Rd8 18. e5 Nxd3 19. Qxd3 Nc6 20. Qe4 Bb7 21. Qf4 Re8
22. Ng5 Nd8 23. Nb6 h6 24. Ne4 Ne6 25. Nf6+ Bxf6 26. Qxf6 Rad8 27. Qh4 Kh7 28.
Bxb4 d3 29. Bd2 g5 30. Qh3 Kg6 31. Ra3 Bc6 32. f4 Nc5 33. f5+ Kg7 34. Qh5 Rg8
35. e6 Ne4 36. f6+ Kh7 37. Rxe4 Bxe4 38. e7 Rb8 39. Qxf7+ Kh8 40. e8=Q 1-0

[Event "Prague International Open"]
[Site "Prague CZE"]
[Date "2019.03.13"]
[Round "6.10"]
[White "Sedlak, Nikola"]
[Black "Ivanov, Mikhail M"]
[Result "1-0"]
[WhiteTitle "GM"]
[BlackTitle "GM"]
[WhiteElo "2605"]
[BlackElo "2383"]
[WhiteFideId "922900"]
[BlackFideId "4114906"]
[EventDate "2019.03.09"]

1. d4 d5 2. Nf3 Nf6 3. g3 e6 4. Bg2 b5 5. O-O Nbd7 6. c3 c5 7. Bg5 Qb6 8. a4 b4
9. a5 Qb5 10. Nbd2 Ba6 11. Re1 Rc8 12. e4 dxe4 13. c4 Qb8 14. Nxe4 Nxe4 15. Rxe4
Bd6 16. d5 e5 17. Bh3 f6 18. Bd2 Rc7 19. Nh4 g6 20. Bh6 Bc8 21. Qf3 Ke7 22. Be6
Ba6 23. Qg4 Qe8 24. b3 Kd8 25. Bg7 f5 26. Bxf5 gxf5 27. Nxf5 Qg6 28. Bxh8 Qxg4
29. Rxg4 Bf8 30. Re1 Bc8 31. Rg8 Ke8 32. Bg7 Kf7 33. Nh6+ 1-0

[Event "Prague International Open"]
[Site "Prague CZE"]
[Date "2019.03.13"]
[Round "6.11"]
[White "Biriukov, Nikolai"]
[Black "Vorobiov, Evgeny E."]
[Result "0-1"]
[WhiteTitle "IM"]
[BlackTitle "GM"]
[WhiteElo "2372"]
[BlackElo "2566"]
[WhiteFideId "14103842"]
[BlackFideId "4121341"]
[EventDate "2019.03.09"]

1. c4 c5 2. g3 g6 3. Bg2 Bg7 4. Nc3 Nc6 5. Nf3 d6 6. a3 e6 7. Rb1 Nge7 8. b4 O-O
9. O-O b6 10. Bb2 cxb4 11. axb4 Nxb4 12. Nd4 d5 13. Ba3 a5 14. Nc2 Ba6 15. cxd5
Nbxd5 16. Nxd5 exd5 17. Ne3 Ra7 18. Qb3 d4 19. Nd5 Nxd5 20. Bxf8 Bxf8 21. Bxd5
Bc5 22. Rfe1 Bb4 23. Rb2 Rc7 24. e4 dxe3 25. fxe3 Rd7 26. e4 Bc5+ 27. Kg2 Qf6
28. d3 a4 29. Qa2 Bxd3 30. Rd2 Qd4 31. Kh3 Bb4 32. Rxd3 Qxd3 33. Rb1 Bc5 34. Kg2
a3 35. Rf1 Kg7 36. h4 f5 37. h5 0-1

[Event "Prague International Open"]
[Site "Prague CZE"]
[Date "2019.03.13"]
[Round "6.12"]
[White "Kashlinskaya, Alina"]
[Black "Ashwath, R."]
[Result "1/2-1/2"]
[WhiteTitle "IM"]
[WhiteElo "2470"]
[BlackElo "2364"]
[WhiteFideId "4198026"]
[BlackFideId "5021049"]
[EventDate "2019.03.09"]

1. d4 Nf6 2. c4 e6 3. Nf3 d5 4. Nc3 Bb4 5. Qa4+ Nc6 6. a3 Bxc3+ 7. bxc3 Ne4 8.
Bb2 O-O 9. e3 Qe8 10. Qc2 Na5 11. Bd3 b6 12. a4 Ba6 13. Ba3 c5 14. Ne5 Rc8 15.
O-O f6 16. cxd5 Bxd3 17. Nxd3 exd5 18. dxc5 Nxc5 19. Bxc5 bxc5 20. Nf4 Qf7 21.
Qf5 Rfd8 22. Rad1 g6 23. Qh3 f5 24. Qf3 Nc4 25. g3 Rd6 26. h4 Ne5 27. Qg2 Rcd8
28. Rfe1 h6 29. Re2 Ng4 30. Red2 Nf6 31. c4 d4 32. exd4 Ne4 33. Rd3 Qxc4 34. g4
Nc3 35. R1d2 Ne4 36. Rd1 Nc3 37. R1d2 Ne4 1/2-1/2

[Event "Prague International Open"]
[Site "Prague CZE"]
[Date "2019.03.13"]
[Round "6.13"]
[White "Rasik, Vitezslav"]
[Black "Rudolf, Michal"]
[Result "1-0"]
[WhiteTitle "GM"]
[BlackTitle "FM"]
[WhiteElo "2463"]
[BlackElo "2334"]
[WhiteFideId "300306"]
[BlackFideId "1106210"]
[EventDate "2019.03.09"]

1. e4 c6 2. d3 d5 3. Nd2 e5 4. Ngf3 Bd6 5. d4 exd4 6. exd5 Nf6 7. dxc6 Nxc6 8.
Be2 O-O 9. O-O Bf5 10. Nb3 Qc7 11. h3 Rfd8 12. Nbxd4 Nxd4 13. Nxd4 Bxc2 14. Qxc2
Bh2+ 15. Kh1 Rxd4 16. Qxc7 Bxc7 17. Be3 Rdd8 18. Rad1 Nd5 19. Bg5 f6 20. Bc1 Ne7
21. Bf3 Nc6 22. g3 Bb6 23. Kg2 Bd4 24. h4 Kf7 25. h5 f5 26. Rfe1 Rd7 27. Be2 Re7
28. Bc4+ Kf8 29. Rxe7 Kxe7 30. b3 Re8 31. Bb5 Be5 32. Bg5+ Kf8 33. Rd7 h6 34.
Be3 Rb8 35. Bc5+ Kg8 36. Bxc6 bxc6 37. Rxa7 1-0

[Event "Prague International Open"]
[Site "Prague CZE"]
[Date "2019.03.13"]
[Round "6.15"]
[White "Nguyen, Piotr"]
[Black "Kozusek, Daniel"]
[Result "1-0"]
[WhiteTitle "IM"]
[WhiteElo "2419"]
[BlackElo "2350"]
[WhiteFideId "1127993"]
[BlackFideId "349500"]
[EventDate "2019.03.09"]

1. Nf3 d5 2. c4 d4 3. b4 f6 4. e3 e5 5. c5 a5 6. Qa4+ Bd7 7. Qb3 dxe3 8. fxe3
axb4 9. Bc4 Nh6 10. d4 Nc6 11. O-O Na5 12. Qxb4 Nxc4 13. Qxc4 e4 14. Nfd2 f5 15.
Nc3 c6 16. Rb1 Qc7 17. h3 Be7 18. d5 Bf6 19. d6 b5 20. Ndxe4 bxc4 21. Nxf6+ gxf6
22. dxc7 Nf7 23. e4 Ne5 24. exf5 Nd3 25. Bf4 Bxf5 26. Bd6 Bg6 27. Rxf6 Kd7 28.
Rb8 Rc8 29. Rf8 Be8 30. Na4 c3 31. Nb6+ Ke6 32. Rxa8 c2 33. Rxe8+ Kf7 34. Rf8+ 1-0

[Event "Prague International Open"]
[Site "Prague CZE"]
[Date "2019.03.13"]
[Round "6.16"]
[White "Skomorokhin, Roman"]
[Black "Bakhmatsky, Vladislav"]
[Result "0-1"]
[WhiteTitle "IM"]
[WhiteElo "2323"]
[BlackElo "2419"]
[WhiteFideId "4112610"]
[BlackFideId "14124890"]
[EventDate "2019.03.09"]

1. Nf3 c5 2. b3 d6 3. e4 e5 4. Bb5+ Nc6 5. O-O g6 6. c3 Bg7 7. d4 exd4 8. cxd4
Ne7 9. Bb2 O-O 10. Qd2 Bg4 11. dxc5 Bxb2 12. Qxb2 Bxf3 13. gxf3 dxc5 14. Bxc6
Nxc6 15. Kh1 Qh4 16. Nd2 Rae8 17. Nc4 Qh3 18. Qf6 Nd4 19. Nd2 Qh6 20. f4 Ne6 21.
f5 Qxd2 22. fxe6 fxe6 23. Qh4 Qe2 24. Qg3 Qxe4+ 25. f3 Qf4 26. Qh3 Rf5 27. Rad1
Rh5 28. Qg2 Rd5 29. Rde1 Rd2 30. Qh3 Rxa2 0-1

[Event "Prague International Open"]
[Site "Prague CZE"]
[Date "2019.03.13"]
[Round "6.17"]
[White "Pulpan, Jakub"]
[Black "Goluch, Piotr"]
[Result "1-0"]
[WhiteTitle "IM"]
[BlackTitle "FM"]
[WhiteElo "2417"]
[BlackElo "2300"]
[WhiteFideId "302759"]
[BlackFideId "1137840"]
[EventDate "2019.03.09"]

1. e4 c6 2. d4 d5 3. exd5 cxd5 4. Bd3 Nc6 5. c3 Qc7 6. Na3 a6 7. Nc2 Nf6 8. h3
g6 9. Bg5 Bg7 10. Ne3 Qa5 11. Ne2 O-O 12. O-O Ne4 13. Bh4 Bh6 14. Bxe4 dxe4 15.
d5 Ne5 16. Qd4 Bg7 17. Qxe4 f5 18. Qf4 Nd3 19. Qf3 Qc7 20. Nd1 Ne5 21. Qg3 Qd6
22. f4 Nd7 23. Ne3 e5 24. dxe6 Qxe6 25. Nd4 Qf7 26. Rfe1 Nc5 27. Nf3 Ne4 28. Ng5
Nxg5 29. Qxg5 Be6 30. a3 Rae8 31. Bf2 Bb3 32. Re2 Re4 33. Ree1 h6 34. Qg3 g5 35.
Nf1 gxf4 36. Qd3 Bd5 37. Nd2 Rfe8 38. Rad1 Bc6 39. Nf3 Kh7 40. Kh2 Qg6 41. Nh4
Qe6 42. Nf3 Bb5 43. Qd5 Qxd5 44. Rxd5 Rxe1 45. Nxe1 Re2 46. Kg1 Rxb2 47. Rxf5
Bc6 48. Rxf4 Bxc3 49. Nf3 Ra2 50. Bc5 Bd5 51. Rf5 Be6 52. Rh5 Kg6 53. g4 b6 54.
Be3 Bg7 55. Ne5+ Kh7 56. Bxh6 Ra1+ 57. Kf2 Ra2+ 58. Ke1 Ra1+ 59. Kd2 Rxa3 60.
Be3+ Kg8 61. Bxb6 Rb3 62. Bd4 Rb5 63. Rg5 Kh7 64. Rh5+ Kg8 65. Kd3 Ba2 66. Rg5
Kh7 67. Rh5+ Kg8 68. Kc3 Rb3+ 69. Kc2 Rb5 70. Rg5 Kh7 71. Rh5+ Kg8 72. h4 Bf6
73. Kd3 Bf7 74. Rf5 Bxe5 75. Rg5+ Kf8 76. Bxe5 Be6 77. Ke4 Rb1 78. Rg6 Kf7 79.
h5 Rh1 80. Kf4 Rh4 81. Bc3 Bxg4 82. Rg7+ Ke6 83. Rxg4 Rxh5 84. Rg6+ Kd5 85. Rxa6
Kc4 86. Bf6 Rb5 87. Ke4 Rb1 88. Rc6+ Kb5 89. Rc8 Re1+ 90. Kd5 Ka6 91. Rb8 Rh1
92. Rb2 Rh6 93. Bd4 Rh5+ 94. Kc4 Rb5 95. Rh2 Rb1 96. Rh7 Rb4+ 97. Kd5 Rb7 98.
Rh1 Rd7+ 99. Kc6 1-0

[Event "Prague International Open"]
[Site "Prague CZE"]
[Date "2019.03.13"]
[Round "6.18"]
[White "Sorm, Daniel"]
[Black "Akash, G"]
[Result "0-1"]
[WhiteTitle "FM"]
[BlackTitle "IM"]
[WhiteElo "2308"]
[BlackElo "2411"]
[WhiteFideId "5400139"]
[BlackFideId "5040299"]
[EventDate "2019.03.09"]

1. d4 Nf6 2. c4 e6 3. g3 Bb4+ 4. Bd2 Qe7 5. Nc3 Nc6 6. a3 Bxc3 7. Bxc3 Ne4 8.
Qc2 Nxc3 9. Qxc3 O-O 10. Nf3 d6 11. Bg2 e5 12. d5 Nd8 13. O-O f5 14. Rac1 Nf7
15. c5 Qf6 16. Qa5 b6 17. cxb6 cxb6 18. Qa4 Bb7 19. e4 Qe7 20. Rc3 Rac8 21. Rfc1
fxe4 22. Rxc8 Rxc8 23. Rxc8+ Bxc8 24. Nd2 e3 25. fxe3 g6 26. Qh4 Qxh4 27. gxh4
Kf8 28. Ne4 Ke7 29. Ng5 Nh6 30. Kf2 Ng4+ 31. Ke2 Nf6 32. e4 h6 33. Nf3 Bg4 34.
Kd3 Nh5 35. Ne1 Nf4+ 36. Ke3 Kf6 37. Bf3 Bd7 38. Ng2 Nh3 39. Be2 g5 40. hxg5+
hxg5 41. Kf3 Nf4 42. Kf2 Be8 43. Bf1 Bd7 44. Ne3 b5 45. Kg3 Kg6 46. b4 Nh5+ 47.
Kf3 Nf6 48. Bd3 g4+ 49. Kg3 Kg5 50. Ng2 Nh5+ 51. Kf2 Nf4 52. Bf1 Nxg2 53. Bxg2
Kf4 54. Ke2 g3 55. h3 Kg5 56. Kf3 Kh4 57. Bf1 a6 58. a4 bxa4 59. Bxa6 Kxh3 60.
Bf1+ Kh2 0-1

[Event "Prague International Open"]
[Site "Prague CZE"]
[Date "2019.03.13"]
[Round "6.19"]
[White "Suarez Uriel, Adrian"]
[Black "Ludvik, Tomas"]
[Result "1-0"]
[WhiteTitle "IM"]
[WhiteElo "2395"]
[BlackElo "2172"]
[WhiteFideId "22230874"]
[BlackFideId "367664"]
[EventDate "2019.03.09"]

1. e4 c5 2. Nf3 d6 3. Nc3 Nf6 4. e5 dxe5 5. Nxe5 Nbd7 6. d4 e6 7. Bb5 a6 8.
Bxd7+ Nxd7 9. Qf3 Qf6 10. Bf4 g5 11. Bxg5 Qxf3 12. Nxf3 cxd4 13. Ne4 Bg7 14.
Nd6+ Kf8 15. O-O-O e5 16. Rhe1 f6 17. Nxd4 Nc5 18. Bd2 Ne6 19. N4f5 Bd7 20. Bb4
Bc6 21. Nxb7+ Kf7 22. Nbd6+ Kf8 23. f3 Rb8 24. Ba3 h5 25. Ne4+ Kf7 26. Rd6 Bxe4
27. fxe4 Bh6+ 28. Kb1 Bf8 29. Rxa6 1-0

[Event "Prague International Open"]
[Site "Prague CZE"]
[Date "2019.03.13"]
[Round "6.20"]
[White "Gajic, Mladen"]
[Black "Sokolov, Alexander"]
[Result "1-0"]
[WhiteTitle "FM"]
[BlackTitle "FM"]
[WhiteElo "2322"]
[BlackElo "2393"]
[WhiteFideId "1709178"]
[BlackFideId "4119177"]
[EventDate "2019.03.09"]

1. e4 c5 2. c3 d6 3. d4 Nf6 4. f3 cxd4 5. cxd4 g6 6. Nc3 Bg7 7. Be3 O-O 8. Qd2
Nc6 9. O-O-O Qa5 10. Kb1 Bd7 11. Rc1 Rfc8 12. Nge2 b5 13. g4 b4 14. Nd1 e5 15.
d5 Nd4 16. Rxc8+ Rxc8 17. Nxd4 exd4 18. Bxd4 Bxg4 19. Bg2 Bd7 20. Ne3 Qc7 21. b3
Bb5 22. Bh3 Rb8 23. Rc1 Qe7 24. Ka1 a5 25. Qb2 a4 26. bxa4 Bxa4 27. Rc4 Ne8 28.
Bxg7 Nxg7 29. a3 Qa7 30. Qd4 Qa6 31. Rxb4 Rxb4 32. Qxb4 Nh5 33. Nc4 Bd1 34. e5
Bxf3 35. exd6 Bxd5 36. Qb8+ Kg7 37. d7 Qxc4 38. Qb2+ Kh6 39. Qd2+ Kg7 40. d8=Q
Nf6 41. Qb2 Qh4 42. Qxd5 Qxh3 43. Qdg2 1-0

[Event "Prague International Open"]
[Site "Prague CZE"]
[Date "2019.03.13"]
[Round "6.28"]
[White "Martynyuk, Elizaveta"]
[Black "Gschnitzer, Adrian"]
[Result "0-1"]
[WhiteTitle "FM"]
[BlackTitle "FM"]
[WhiteElo "2160"]
[BlackElo "2364"]
[WhiteFideId "24128511"]
[BlackFideId "1270337"]
[EventDate "2019.03.09"]

1. e4 e5 2. Nf3 Nc6 3. Bc4 Nf6 4. d3 Be7 5. c3 O-O 6. O-O d5 7. exd5 Nxd5 8.
Nbd2 Nb6 9. Bb5 Bg4 10. Ne4 f5 11. Qb3+ Kh8 12. Neg5 e4 13. Ne6 Na5 14. Nxd8
Nxb3 15. axb3 Raxd8 16. dxe4 a6 17. Be2 fxe4 18. Nd4 Bc8 19. Nc2 Nd7 20. Be3 Nc5
21. Nd4 Nd3 22. b4 Nxb2 23. f3 exf3 24. Rxf3 Rxf3 25. gxf3 Bf6 26. Bc1 Nd3 27.
Bxd3 Rxd4 28. Be2 Rd8 29. Ra3 Re8 30. Bf1 Re1 31. Bb2 Rb1 32. Ra2 Be6 33. Ra1
Rxb2 0-1

[Event "Prague International Open"]
[Site "Prague CZE"]
[Date "2019.03.13"]
[Round "6.31"]
[White "Chudinovskikh, Alexander M"]
[Black "Yandarbiev, Ruslan"]
[Result "1-0"]
[WhiteTitle "IM"]
[BlackTitle "IM"]
[WhiteElo "2206"]
[BlackElo "2302"]
[WhiteFideId "4106083"]
[BlackFideId "4115023"]
[EventDate "2019.03.09"]

1. d4 Nf6 2. Bf4 g6 3. Nc3 d5 4. e3 c6 5. Nf3 Qb6 6. Rb1 Bg7 7. Bd3 O-O 8. h3 c5
9. dxc5 Qxc5 10. O-O Nc6 11. Bh2 Rd8 12. Bc7 e6 13. Bxd8 Nxd8 14. e4 Nc6 15.
exd5 exd5 16. Re1 Be6 17. g3 Rd8 18. Qd2 Ne4 19. Bxe4 dxe4 20. Nxe4 Qb5 21. Qf4
h6 22. Nd6 Qb6 23. Rxe6 fxe6 24. Qf7+ Kh7 25. Ne8 Rxe8 26. Qxe8 e5 27. Qe6 1-0

[Event "Prague International Open"]
[Site "Prague CZE"]
[Date "2019.03.13"]
[Round "6.36"]
[White "Kueppers, Timo"]
[Black "Folk, Petr"]
[Result "0-1"]
[WhiteTitle "FM"]
[WhiteElo "2303"]
[BlackElo "2177"]
[WhiteFideId "16205820"]
[BlackFideId "302996"]
[EventDate "2019.03.09"]

1. d4 Nf6 2. c4 g6 3. g3 Bg7 4. Bg2 O-O 5. Nc3 d6 6. Nf3 Nc6 7. O-O e5 8. dxe5
dxe5 9. Bg5 Be6 10. Qc1 Bxc4 11. Nd2 Ba6 12. Nde4 Nd4 13. Bxf6 Bxf6 14. Rd1 Bxe2
15. Rxd4 exd4 16. Nxf6+ Qxf6 17. Nxe2 c6 18. Nf4 Rac8 19. Qc4 Rfd8 20. Nd3 b6
21. b4 Rd6 22. a4 c5 23. bxc5 bxc5 24. a5 Qe6 25. Rc1 Rc7 26. Kf1 Qxc4 27. Rxc4
Ra6 28. Rxc5 Rxc5 29. Nxc5 Rxa5 30. Nb3 Ra2 31. Nxd4 a5 32. Nc6 a4 33. Bd5 Rb2
34. Ne5 Rb5 0-1

[Event "Prague International Open"]
[Site "Prague CZE"]
[Date "2019.03.13"]
[Round "6.39"]
[White "Vrabec, Milos"]
[Black "Svanda, Ondrej"]
[Result "1/2-1/2"]
[BlackTitle "FM"]
[WhiteElo "2144"]
[BlackElo "2298"]
[WhiteFideId "338982"]
[BlackFideId "359670"]
[EventDate "2019.03.09"]

1. e4 d6 2. d4 Nf6 3. Nc3 g6 4. Nf3 Bg7 5. Be2 O-O 6. O-O c6 7. a4 Qc7 8. a5 e5
9. Re1 Nbd7 10. Bf1 Re8 11. b4 Nf8 12. h3 Ne6 13. Be3 exd4 14. Nxd4 Nxd4 15.
Bxd4 Be6 16. e5 dxe5 17. Bxe5 Qe7 18. Qd4 Red8 19. Qh4 Nd5 20. Qxe7 Nxe7 21.
Bxg7 1/2-1/2

[Event "Prague International Open"]
[Site "Prague CZE"]
[Date "2019.03.13"]
[Round "6.42"]
[White "Jedlicka, Ales"]
[Black "Hrbolka, Ladislav sr"]
[Result "1-0"]
[WhiteTitle "FM"]
[BlackTitle "FM"]
[WhiteElo "2238"]
[BlackElo "2107"]
[WhiteFideId "304824"]
[BlackFideId "300772"]
[EventDate "2019.03.09"]

1. d4 Nf6 2. c4 g6 3. Nc3 Bg7 4. e4 d6 5. h3 O-O 6. Be3 e5 7. d5 Na6 8. Bd3 Nh5
9. Nge2 f5 10. f3 Nf4 11. Nxf4 exf4 12. Bf2 fxe4 13. Bxe4 Nc5 14. O-O Nxe4 15.
Nxe4 Bxb2 16. Rb1 Be5 17. c5 b6 18. cxd6 cxd6 19. Rc1 Bf5 20. Qa4 Rf7 21. Rfe1
Kg7 22. Bd4 Rc8 23. Rxc8 Bxc8 24. Nxd6 Bxd4+ 25. Qxd4+ Rf6 26. Ne8+ 1-0

[Event "Prague International Open"]
[Site "Prague CZE"]
[Date "2019.03.13"]
[Round "6.44"]
[White "Kalinowska, Zuzanna"]
[Black "Paprocki, Jaroslaw"]
[Result "0-1"]
[WhiteElo "2062"]
[BlackElo "2206"]
[WhiteFideId "1195026"]
[BlackFideId "1122274"]
[EventDate "2019.03.09"]

1. d4 Nf6 2. c4 e6 3. Nc3 Bb4 4. e3 O-O 5. Bd3 d5 6. Ne2 dxc4 7. Bxc4 e5 8. a3
Bd6 9. Nb5 exd4 10. Nxd6 Qxd6 11. Qxd4 Qe7 12. O-O Nc6 13. Qh4 Ne5 14. Ba2 b6
15. Rd1 Bg4 16. Kf1 Rad8 17. Bd2 Qd7 18. f3 Bxf3 19. gxf3 Nxf3 20. Be1 Qxd1 21.
Rxd1 Rxd1 22. Qh3 Rxe1+ 23. Kf2 Ne4+ 0-1

[Event "Prague International Open"]
[Site "Prague CZE"]
[Date "2019.03.13"]
[Round "6.46"]
[White "Poysti, Nathanael"]
[Black "Slabicki, Andrzej"]
[Result "1-0"]
[WhiteElo "2193"]
[BlackElo "1940"]
[WhiteFideId "24622133"]
[BlackFideId "1130714"]
[EventDate "2019.03.09"]

1. Nf3 d5 2. e3 c5 3. d4 Nc6 4. c4 cxd4 5. exd4 Bg4 6. Nc3 Bxf3 7. gxf3 dxc4 8.
d5 Ne5 9. Bf4 Nd3+ 10. Bxd3 cxd3 11. Qxd3 a6 12. O-O-O Qd7 13. Rhe1 Nf6 14. Be5
b5 15. Kb1 Rd8 16. d6 e6 17. Qd4 Rg8 18. Bxf6 gxf6 19. Ne4 Bg7 20. Nxf6+ Bxf6
21. Qxf6 Qc6 22. Qe7# 1-0

[Event "Prague International Open"]
[Site "Prague CZE"]
[Date "2019.03.13"]
[Round "6.48"]
[White "Pacl, Vaclav"]
[Black "Lacrosse, Marc"]
[Result "1/2-1/2"]
[WhiteTitle "FM"]
[BlackTitle "FM"]
[WhiteElo "2028"]
[BlackElo "2182"]
[WhiteFideId "302031"]
[BlackFideId "200921"]
[EventDate "2019.03.09"]

1. Nf3 d5 2. e3 Nf6 3. c4 e6 4. b3 Be7 5. Bb2 b6 6. Nc3 dxc4 7. Bxc4 Bb7 8. O-O
O-O 9. d4 c5 10. Qe2 Nc6 11. Rfd1 Qb8 12. d5 exd5 13. Nxd5 Nxd5 14. Bxd5 Qc7 15.
e4 Rad8 16. Bc3 Qf4 17. Qb2 Qh6 18. a3 a5 19. h3 1/2-1/2

[Event "Prague International Open"]
[Site "Prague CZE"]
[Date "2019.03.13"]
[Round "6.57"]
[White "Mulenko, Alexander"]
[Black "Pribylova, Sofie"]
[Result "1-0"]
[BlackTitle "WCM"]
[WhiteElo "2119"]
[BlackElo "2031"]
[WhiteFideId "24105430"]
[BlackFideId "371726"]
[EventDate "2019.03.09"]

1. Nf3 Nf6 2. c4 g6 3. b3 Bg7 4. Bb2 c6 5. g3 O-O 6. Bg2 d5 7. O-O Re8 8. Qc2
dxc4 9. bxc4 c5 10. d3 Nc6 11. Nc3 e5 12. Nd2 Nd4 13. Qd1 Qc7 14. e3 Ne6 15. Nb5
Qb8 16. Nb3 a6 17. Nc3 Qc7 18. Qc2 Rb8 19. Nd5 Qd6 20. f4 Nd7 21. f5 Nc7 22. Nd2
gxf5 23. Rxf5 Nb6 24. Ne4 Qd8 25. Ndf6+ Bxf6 26. Nxf6+ Kf8 27. Rxe5 Qxf6 28.
Rxe8+ Nxe8 29. Bxf6 Nxf6 30. Rf1 Kg7 31. Qf2 Nbd7 32. Bh3 1-0

[Event "Prague International Open"]
[Site "Prague CZE"]
[Date "2019.03.13"]
[Round "6.63"]
[White "Docekalova, Alexandra"]
[Black "Novotny, Martin"]
[Result "1/2-1/2"]
[WhiteElo "1880"]
[BlackElo "2069"]
[WhiteFideId "325600"]
[BlackFideId "383600"]
[EventDate "2019.03.09"]

1. e4 e5 2. Nf3 Nc6 3. Bb5 a6 4. Bc4 Nf6 5. O-O Be7 6. Re1 b5 7. Bb3 d6 8. c3
O-O 9. h3 Nb8 10. d4 Nbd7 11. Nbd2 Bb7 12. Bc2 Re8 13. Nf1 Bf8 14. Ng3 g6 15. b3
Bg7 16. Bb2 c6 17. a4 Qc7 18. Qd2 Rad8 19. Rad1 d5 20. dxe5 Nxe4 21. Nxe4 dxe4
22. e6 Ne5 23. Nxe5 Rxd2 24. exf7+ Qxf7 25. Nxf7 Rxc2 26. Nd6 Rf8 27. Bc1 Rfxf2
28. Nxb7 Rxg2+ 29. Kh1 Rh2+ 30. Kg1 1/2-1/2

[Event "Prague International Open"]
[Site "Prague CZE"]
[Date "2019.03.13"]
[Round "6.64"]
[White "Malecki, Rafal"]
[Black "Kleprlik, Jan"]
[Result "1-0"]
[WhiteElo "2068"]
[BlackElo "1471"]
[WhiteFideId "1108514"]
[BlackFideId "393231"]
[EventDate "2019.03.09"]

1. Nf3 Nf6 2. g3 Nc6 3. Bg2 g6 4. O-O Bg7 5. d3 d5 6. Nbd2 O-O 7. c3 b6 8. Re1
Bb7 9. Qc2 Re8 10. e4 dxe4 11. dxe4 e5 12. b4 a6 13. a4 Nb8 14. Nc4 Nbd7 15. Ba3
Bf8 16. Rad1 Qb8 17. Bc1 c5 18. b5 axb5 19. axb5 Qc7 20. Bh3 Bc8 21. Qb3 Bb7 22.
Ng5 Nb8 23. Nxb6 c4 24. Nxa8 Bxa8 25. Qa2 Nfd7 26. Bf1 Nb6 27. Qxc4 1-0

[Event "Prague International Open"]
[Site "Prague CZE"]
[Date "2019.03.13"]
[Round "6.70"]
[White "Grecny, Karol"]
[Black "Splichal, Stanislav"]
[Result "1/2-1/2"]
[WhiteElo "1853"]
[BlackElo "2142"]
[WhiteFideId "310433"]
[BlackFideId "310476"]
[EventDate "2019.03.09"]

1. e4 c5 2. Nf3 e6 3. d4 cxd4 4. Nxd4 Nf6 5. Nc3 Nc6 6. Nxc6 bxc6 7. Bd3 d5 8.
O-O Be7 9. e5 Nd7 10. Re1 Qb6 11. Na4 Qc7 12. Qe2 c5 13. c4 d4 14. b3 Bb7 15.
Bd2 Rb8 16. Nb2 h5 17. f4 g6 18. Be4 Bc6 19. Nd3 Rb7 20. g3 Nb8 21. Nf2 Bf8 1/2-1/2

[Event "Prague International Open"]
[Site "Prague CZE"]
[Date "2019.03.13"]
[Round "6.75"]
[White "Feierfeil, Jiri"]
[Black "Sielicki, Tomasz"]
[Result "0-1"]
[WhiteElo "1661"]
[BlackElo "1996"]
[WhiteFideId "327557"]
[BlackFideId "1111400"]
[EventDate "2019.03.09"]

1. d4 Nf6 2. c4 e6 3. Nc3 Bb4 4. Qc2 O-O 5. a3 Bxc3+ 6. bxc3 c5 7. Nf3 b6 8. e4
Bb7 9. d5 exd5 10. e5 Ne4 11. Bd3 f5 12. cxd5 Bxd5 13. c4 Bb7 14. O-O Nc6 15.
Bb2 Qe8 16. Bxe4 fxe4 17. Qxe4 Na5 18. Qg4 h5 19. Qg3 Nxc4 20. Bc3 Bxf3 21. gxf3
Qf7 22. Kg2 Rac8 23. Rg1 Rc6 24. Kf1 g6 25. Qh4 Qxf3 26. Rxg6+ Rxg6 27. Qxc4+
Kh7 28. Be1 Rfg8 29. Qc2 Kh8 0-1